Sports Quiz

Random Sports or Europe Quiz

English Football Clubs in Europe since 1992 Quiz Stats

 Plays Quiz not verified by Sporcle

Challenge
Share
Tweet
Embed
Score 0/57 Timer 05:00
0 Plays Today
Competition Club % Correct
UEFA Champions League???
98.7%
UEFA Cup???
98.6%
UEFA Europa League???
98.6%
UEFA Champions League???
97.5%
UEFA Cup???
97.5%
UEFA Cup Winner's Cup???
97.4%
UEFA Champions League???
97.3%
UEFA Champions League???
97.3%
UEFA Cup???
97.3%
UEFA Cup???
97.3%
UEFA Europa League???
97.3%
UEFA Cup Winner's Cup???
97.2%
UEFA Champions League???
97.1%
UEFA Cup???
97%
UEFA Europa League???
97%
UEFA Cup Winner's Cup???
97%
UEFA Champions League???
96%
UEFA Intertoto Cup???
96%
UEFA Cup???
96%
UEFA Europa League???
96%
UEFA Champions League???
95%
UEFA Cup???
95%
UEFA Europa League???
95%
UEFA Cup Winner's Cup???
95%
UEFA Champions League???
92.8%
UEFA Cup???
92.8%
UEFA Intertoto Cup???
92.8%
UEFA Cup Winner's Cup???
91.8%
UEFA Champions League???
90.8%
Competition Club % Correct
UEFA Cup???
90.7%
UEFA Champions League???
89.4%
UEFA Cup???
89.4%
UEFA Intertoto Cup???
89.4%
UEFA Cup???
88.6%
UEFA Europa League???
88.6%
UEFA Intertoto Cup???
88.6%
UEFA Cup???
82.9%
UEFA Intertoto Cup???
82.9%
UEFA Cup???
82.7%
UEFA Europa League???
82.7%
UEFA Intertoto Cup???
82.7%
UEFA Cup???
75.9%
UEFA Cup???
72.4%
UEFA Europa League???
71.5%
UEFA Cup???
71.3%
UEFA Cup???
69.6%
UEFA Europa League???
68.5%
UEFA Cup???
68.2%
UEFA Cup???
66.6%
UEFA Cup???
64.7%
UEFA Cup???
64.1%
UEFA Intertoto Cup???
54.5%
UEFA Cup???
54.5%
UEFA Intertoto Cup???
45.5%
UEFA Intertoto Cup???
43.6%
UEFA Cup???
37.5%
UEFA Intertoto Cup???
31.1%

You're not logged in!

Compare scores with friends on all Sporcle quizzes.
Join for Free
OR
Log In

You Might Also Like...

Show Comments

Extras

Top Quizzes Today


Score Distribution

Your Account Isn't Verified!

In order to create a playlist on Sporcle, you need to verify the email address you used during registration. Go to your Sporcle Settings to finish the process.

Report this User

Report this user for behavior that violates our Community Guidelines.

Details: